ਅਸੀਂ ਜੀਨਾ ਭੁਲ ਗਾਏ ਹਾਂ : (Record no. 109780)
[ view plain ]
| 000 -LEADER | |
|---|---|
| fixed length control field | 01015nam a22002537a 4500 |
| 005 - DATE AND TIME OF LATEST TRANSACTION | |
| control field | 20170123164143.0 |
| 010 ## - LIBRARY OF CONGRESS CONTROL NUMBER | |
| LC control number | B-230601 |
| 020 ## - INTERNATIONAL STANDARD BOOK NUMBER | |
| Terms of availability | 80.00 |
| International Standard Book Number | 817329190 |
| 035 ## - SYSTEM CONTROL NUMBER | |
| System control number | B-230601 |
| 037 ## - SOURCE OF ACQUISITION | |
| Source of stock number/acquisition | Cen Lib/Ret |
| 040 ## - CATALOGING SOURCE | |
| Original cataloging agency | DPL |
| Language of cataloging | PN |
| 082 ## - DEWEY DECIMAL CLASSIFICATION NUMBER | |
| Classification number | 852 |
| Item number | ਵਹਾਬ |
| 100 ## - MAIN ENTRY--PERSONAL NAME | |
| Personal name | ਵੀਰ ਵਹਾਬ |
| 9 (RLIN) | 2233 |
| 245 ## - TITLE STATEMENT | |
| Title | ਅਸੀਂ ਜੀਨਾ ਭੁਲ ਗਾਏ ਹਾਂ : |
| Statement of responsibility, etc | ਵੀਰ ਵਹਾਬ |
| Remainder of title | ਨਾਟਕ / |
| 246 ## - VARYING FORM OF TITLE | |
| Title proper/short title | Asin jeena bhul gae haan : a full length play / |
| Remainder of title | by Veer Vahab |
| 260 ## - PUBLICATION, DISTRIBUTION, ETC. (IMPRINT) | |
| Place of publication, distribution, etc | ਦਿੱਲੀ |
| Name of publisher, distributor, etc | ਸਿਲਾਲੇਖ |
| Date of publication, distribution, etc | 2006 |
| 270 ## - ADDRESS | |
| Address | ੪/੩੨ ਸੁਭਾਸ਼ ਗਾਲੀ ਵਿਸ਼ਵਾਸ ਨਗਰ ਸ਼ਹਾਦਰ |
| City | ਦਿੱਲੀ |
| Postal code | 110051 |
| 300 ## - PHYSICAL DESCRIPTION | |
| Extent | 56p ; |
| Dimensions | 20cm |
| 650 ## - SUBJECT ADDED ENTRY--TOPICAL TERM | |
| Topical term or geographic name as entry element | ਪੰਜਾਬੀ ਸਾਹਿਤ-ਨਾਟਕ |
| 9 (RLIN) | 118721 |
| 650 ## - SUBJECT ADDED ENTRY--TOPICAL TERM | |
| Topical term or geographic name as entry element | ਪੰਜਾਬੀ ਸਾਹਿਤਯ |
| 9 (RLIN) | 118722 |
| 650 ## - SUBJECT ADDED ENTRY--TOPICAL TERM | |
| Topical term or geographic name as entry element | Punjabi - literature |
| 9 (RLIN) | 781 |
| 650 ## - SUBJECT ADDED ENTRY--TOPICAL TERM | |
| Topical term or geographic name as entry element | Punjabi - Punjabi - Play |
| 9 (RLIN) | 116109 |
| 942 ## - ADDED ENTRY ELEMENTS (KOHA) | |
| Source of classification or shelving scheme | Dewey Decimal Classification |
| Koha item type | Punjabi Bks |
| Classification part | 852 |
| Call number suffix | ਵਹਾਬ |
| Withdrawn status | Lost status | Damaged status | Not for loan | Home library | Current library | Date acquired | Source of acquisition | Cost, normal purchase price | Total Checkouts | Full call number | Barcode | Date last seen | Copy number | Cost, replacement price | Price effective from | Koha item type |
|---|---|---|---|---|---|---|---|---|---|---|---|---|---|---|---|---|
| Central Library | Central Library | 06/01/2016 | Cen Lib/Ret | 80.00 | 852 ਵਹਾਬ | B-230601 | 06/01/2016 | 1 | 80.00 | 06/01/2016 | Punjabi Bks |
